| 000 | 00711nam a22002292a 4500 | ||
|---|---|---|---|
| 001 | 16187 | ||
| 003 | BD-RjUL | ||
| 005 | 20211208235954.0 | ||
| 008 | 140211s1951 nyua 000 0 eng d | ||
| 035 | _a(BD-RjUL)16242 | ||
| 040 |
_aDLC _cCSU _dOCL _dUKM _dEQO _dBD-RjUL _beng |
||
| 041 | _aeng | ||
| 082 |
_223 _a658.154 _bDEC 1962 |
||
| 100 | 1 |
_aDean, Joel _d1906-1979 _950086 |
|
| 245 | 1 | 0 |
_aCapital budgeting : _btop-management policy on plant, equipment, and product development / _cJoel Dean |
| 260 |
_aNew York : _bColumbia University Press, _c1951, [printing 1962] |
||
| 300 |
_ax, 174 p. : _bdiagrs. ; _c23 cm |
||
| 650 | 0 |
_aCapital _950087 |
|
| 942 |
_2ddc _cBK |
||
| 999 |
_c16187 _d16187 |
||